[Event "USCL"]
[Site "ICC INT"]
[Date "2006.11.01"]
[Round "10"]
[White "Bereolos,P"]
[Black "Hoekstra,M"]
[Result "0-1"]
[WhiteElo "2294"]
[BlackElo "2363"]

1.d4 Nf6 2.c4 e6 3.Nc3 Bb4 4.Nf3 d5 5.cxd5 exd5 6.Bg5 h6 7.Bxf6 Qxf6 8.Qb3 c5
9.a3 Bxc3+ 10.Qxc3 Na6 11.Rc1 c4 12.b3 b5 13.bxc4 bxc4 14.e4 Qe7 15.Qe3 O-O
16.exd5 Qd8 17.Bxc4 Re8 18.Ne5 Qd6 19.O-O Bb7 20.Qf3 Re7 21.Nc6 Ree8 22.Rfe1 Nc7
23.Qg3 Qd7 24.Ne5 Qd6 25.Nc6 Qd7 26.Re5 Kh8 27.Rxe8+ Nxe8 28.Re1 Nd6 29.Re7 Qf5
30.Qxd6 Qb1+ 31.Bf1 Ba6 32.h3 Qxf1+ 33.Kh2 Qxf2 34.Nd8 Bf1 35.Nxf7+ Kg8 36.Qg3 Qf6
37.Qe5 Qxe5+ 38.Nxe5 Rd8 39.Rd7 Rxd7 40.Nxd7 Kf7 41.Kg1 Bb5 42.Nc5 Ke7 43.Ne4 Bc4
44.d6+ Ke6 45.Kf2 Bd5 46.Ke3 g5 47.g3 Bc6 48.h4 gxh4 49.gxh4 Ba8 50.Kf4 Bc6
51.d7 Kxd7 52.Ke5 Bxe4 53.Kxe4 Ke6 54.h5 a6 55.a4 a5  0-1

[Event "Open"]
[Site "Santo Domingo DOM"]
[Date "2006.11.02"]
[Round "5"]
[White "Ehlvest,J"]
[Black "Ikonnikov,Vy"]
[Result "1-0"]
[WhiteElo "2597"]
[BlackElo "2587"]

1.d4 Nf6 2.Nf3 e6 3.c4 Bb4+ 4.Nc3 c5 5.g3 O-O 6.Bg2 d5 7.cxd5 Nxd5 8.Bd2 cxd4
9.Nxd5 Bxd2+ 10.Qxd2 Qxd5 11.Qxd4 Qa5+ 12.Qd2 Qxd2+ 13.Nxd2 Nc6 14.Rc1 e5
15.Nc4 Be6 16.Bxc6 bxc6 17.Nxe5 Bd5 18.Rg1 Rac8 19.b3 Rfe8 20.Nc4 Rcd8 21.g4 Re4
22.f3 Re6 23.Nd2 Rh6 24.Rg2 Rhd6 25.Rc5 Be6 26.e4 Bc8 27.Ra5 a6 28.Rc5 Bb7
29.Nc4 Rd1+ 30.Kf2 Rc1 31.Kg3 f6 32.Na5  1-0

[Event "TCh-NOR 2006-7"]
[Site "Oslo NOR"]
[Date "2006.11.11"]
[Round "2"]
[White "Haugli,P"]
[Black "Borchgrevink,H"]
[Result "1-0"]
[WhiteElo "2321"]
[BlackElo "2297"]

1.d4 Nf6 2.c4 e6 3.Nc3 Bb4 4.Nf3 b6 5.Bg5 Bb7 6.e3 h6 7.Bh4 O-O 8.Bd3 c5
9.O-O cxd4 10.exd4 Bxc3 11.bxc3 d6 12.a4 Nbd7 13.Re1 Re8 14.a5 bxa5 15.Nd2 Nb6
16.Rxa5 Nxc4 17.Bxf6 Qxa5 18.Qg4 g5 19.Qh5 Qd5 20.Be4 Nxd2 21.Qxh6  1-0

[Event "FSIM November"]
[Site "Budapest HUN"]
[Date "2006.11.14"]
[Round "11"]
[White "Werner,Di"]
[Black "Szakolczai,P"]
[Result "1-0"]
[WhiteElo "2347"]
[BlackElo "2287"]

1.d4 Nf6 2.c4 e6 3.Nc3 Bb4 4.Nf3 O-O 5.Bg5 h6 6.Bh4 d5 7.Qb3 Bxc3+ 8.Qxc3 g5
9.Bg3 Ne4 10.Qc2 c5 11.O-O-O Qa5 12.a3 Nc6 13.e3 cxd4 14.Nxd4 Bd7 15.Nb3 Qb6
16.c5 Qd8 17.f3 Nxg3 18.hxg3 Qf6 19.f4 Ne7 20.Bd3 Ba4 21.Rh5 Bxb3 22.Qxb3 gxf4
23.gxf4 Rfc8 24.Rdh1 Kg7 25.g4 Rxc5+ 26.Kb1 b6 27.Qd1 d4 28.Rxh6  1-0

[Event "Bundesliga 2006-7"]
[Site "Hamburg GER"]
[Date "2006.11.19"]
[Round "4"]
[White "Chuchelov,V"]
[Black "Babula,V"]
[Result "1/2-1/2"]
[WhiteElo "2539"]
[BlackElo "2584"]

1.d4 Nf6 2.c4 e6 3.Nc3 Bb4 4.Nf3 c5 5.g3 cxd4 6.Nxd4 Ne4 7.Qd3 Bxc3+ 8.bxc3 Nc5
9.Qf3 d6 10.Bg2 O-O 11.O-O Nbd7 12.Rd1 Ne5 13.Qf4 Bd7 14.Nb3 Ba4 15.Qxe5 Nxb3
16.Rxd6 Nxa1 17.Rxd8 Raxd8 18.Bxb7 Rd1+ 19.Kg2 Rxc1 20.Qa5 Bd1 21.c5 Bxe2
22.c6 Nc2 23.c7 Ne1+ 24.Kh3 f5 25.Qa3 g5 26.Qxf8+ Kxf8 27.c8=Q+ Kf7 28.Qd7+ Kf6
29.Qd8+ Kg6 30.Qe8+ Kf6 31.Qd8+ Kg6 32.Qe8+ Kf6  1/2-1/2

[Event "XIV Salona GM"]
[Site "Solin CRO"]
[Date "2006.11.30"]
[Round "7"]
[White "Mkrtchian,L"]
[Black "Kurajica,B"]
[Result "1-0"]
[WhiteElo "2468"]
[BlackElo "2555"]

1.d4 Nf6 2.c4 e6 3.Nc3 Bb4 4.Nf3 b6 5.Bg5 Bb7 6.Nd2 d5 7.Qa4+ Nc6 8.cxd5 exd5
9.e3 a6 10.Be2 Bxc3 11.bxc3 O-O 12.O-O Re8 13.Bf3 Na5 14.Rab1 Bc6 15.Qc2 Qd6
16.Bf4 Qd7 17.Be5 Ne4 18.Bxe4 dxe4 19.c4 b5 20.Rfc1 Nxc4 21.Nxc4 bxc4 22.Qxc4 Bd5
23.Qe2 c6 24.a4 f6 25.Bg3 a5 26.h3 Qe6 27.Rb6 Qd7 28.Rc5 Ra7 29.Qd2 h6 30.Qb2 Kh7
31.Rc1 Qe6 32.Qc3 g5 33.Rcb1 Ree7 34.Bb8 Rad7 35.Qxa5 h5 36.Qd2 h4 37.Qd1 Qf7
38.a5 Bc4 39.a6 Bd3 40.Ra1 Bb5 41.a7 Rxa7 42.Bxa7 Rxa7 43.Rb8 Re7 44.Qg4 Bc4
45.Raa8 Bd5 46.Qf5+  1-0

[Event "73rd ch-BRA"]
[Site "Guarulhos BRA"]
[Date "2006.12.01"]
[Round "9"]
[White "Vescovi,G"]
[Black "Leitao,R"]
[Result "1/2-1/2"]
[WhiteElo "2592"]
[BlackElo "2601"]

1.d4 Nf6 2.c4 e6 3.Nc3 Bb4 4.Nf3 c5 5.e3 O-O 6.Bd3 d5 7.O-O dxc4 8.Bxc4 Nbd7
9.a3 cxd4 10.axb4 dxc3 11.bxc3 Qc7 12.Bd3 b6 13.c4 e5 14.Be2 Bb7 15.Bb2 a5
16.Qb3 Rfe8 17.Rfd1 h6 18.h3 axb4 19.Qxb4 Ne4 20.Rxa8  1/2-1/2

[Event "XV Asiad Men's Rapid"]
[Site "Doha QAT"]
[Date "2006.12.02"]
[Round "1"]
[White "Kazhgaleyev,M"]
[Black "Samhouri,A"]
[Result "1-0"]
[WhiteElo "2609"]
[BlackElo "2336"]

1.d4 Nf6 2.c4 e6 3.Nc3 Bb4 4.Nf3 O-O 5.Bg5 h6 6.Bh4 b6 7.e3 Bb7 8.Bd3 d6
9.O-O Bxc3 10.bxc3 Qe7 11.Nd2 Nbd7 12.f4 c5 13.Kh1 Rfe8 14.e4 cxd4 15.cxd4 e5
16.fxe5 dxe5 17.d5 Rac8 18.Bc2 Qd6 19.Ba4 Rf8 20.Rf3 Ba6 21.Rc1 Qb4 22.Bc6 Rc7
23.a3 Qd6 24.Qa4 Nc5 25.Qc2 Nfd7 26.Nf1 Nb8 27.Ne3 Nxc6 28.dxc6 Qxc6 29.Nd5 Rd7
30.Bf6 Qe6 31.Rg3 g6 32.Rf1 Kh7 33.Rh3 Bb7 34.Qd2 h5 35.Qg5 Qxh3 36.gxh3 Nxe4
37.Qe3 Nxf6 38.Rxf6 Bxd5+ 39.cxd5 Rxd5 40.Rf3 Kg7 41.Qe4 Rfd8 42.Rf2 f5 43.Qa4 R8d7
44.Qc6 R7d6 45.Qe8 Rd1+ 46.Kg2 e4 47.Qe7+ Kh6 48.h4 R6d3 49.Re2 a5 50.Qg5+ Kh7
51.Rc2 Rd7 52.h3 b5 53.Kf2 b4 54.axb4 axb4 55.Ke2 Rh1 56.Qg2 Rhd1 57.Qg3 b3
58.Qxb3 R1d3 59.Qe6 R3d6 60.Qe8 Rd1 61.Rc6 R1d2+ 62.Ke3 R2d3+ 63.Kf4 Rg7
64.Rc8 g5+ 65.Ke5  1-0

[Event "XV Asiad Men's Rapid"]
[Site "Doha QAT"]
[Date "2006.12.03"]
[Round "5"]
[White "Barsov,A"]
[Black "Sadvakasov,D"]
[Result "1-0"]
[WhiteElo "2537"]
[BlackElo "2596"]

1.d4 Nf6 2.c4 e6 3.Nc3 Bb4 4.Nf3 c5 5.g3 cxd4 6.Nxd4 O-O 7.Bg2 d5 8.cxd5 Nxd5
9.Qb3 Na6 10.O-O Nxc3 11.bxc3 Be7 12.Ba3 e5 13.Nc2 Qc7 14.Ne3 Be6 15.Bd5 Bxa3
16.Bxe6 fxe6 17.Qxa3 Rac8 18.Rab1 Rf7 19.Rfd1 Nc5 20.f3 b6 21.Kg2 Rcf8 22.Rf1 h5
23.Qb4 g6 24.Qc4 Qc6 25.h4 Rc8 26.Rbd1 Kg7 27.Qb4 a5 28.Qa3 b5 29.Qxa5 Ra8
30.Qb4 Rxa2 31.Rf2 e4 32.f4 Ra4 33.Qb2 Kh7 34.c4 bxc4 35.Rd8 Rg7 36.Qb8  1-0

[Event "75th ch-UKR w"]
[Site "Odessa UKR"]
[Date "2006.12.03"]
[Round "8"]
[White "Zhukova,N"]
[Black "Zdebskaja,N"]
[Result "0-1"]
[WhiteElo "2456"]
[BlackElo "2343"]

1.d4 Nf6 2.c4 e6 3.Nc3 Bb4 4.Nf3 d5 5.cxd5 exd5 6.Bg5 O-O 7.e3 c5 8.dxc5 Nbd7
9.Rc1 Qa5 10.Nd2 b6 11.Be2 bxc5 12.O-O Bxc3 13.Rxc3 Qxa2 14.Qc2 Qa5 15.Bxf6 Nxf6
16.Rxc5 Qb4 17.Rb5 Qd6 18.Ra5 Bg4 19.Bxg4 Nxg4 20.Nf3 a6 21.Rfa1 Nf6 22.Qd3 Qb6
23.b3 Rfc8 24.g3 Rc1+ 25.Rxc1 Qxa5 26.Nd4 h6 27.Nf5 Re8 28.Qd4 Qd8 29.b4 Qd7
30.Qf4 Re4 31.Qf3 Rxb4 32.Rc6 Kh7 33.Rd6 Rb1+ 34.Kg2 Qb5 35.g4 Ne4 36.Rxh6+ gxh6
37.Ng3 Kg8 38.Qf5 Nxg3  0-1

[Event "XV Asiad Men's Rapid"]
[Site "Doha QAT"]
[Date "2006.12.04"]
[Round "9"]
[White "Wang Yue"]
[Black "Sadvakasov,D"]
[Result "0-1"]
[WhiteElo "2644"]
[BlackElo "2596"]

1.d4 Nf6 2.c4 e6 3.Nc3 Bb4 4.Nf3 c5 5.g3 cxd4 6.Nxd4 O-O 7.Bg2 d5 8.cxd5 Nxd5
9.Qd3 Nxc3 10.bxc3 Be7 11.Qe3 Na6 12.O-O Bc5 13.Rd1 Qe7 14.Qf3 Rd8 15.Be3 Rb8
16.Nb3 Bxe3 17.Qxe3 b6 18.Rxd8+ Qxd8 19.a4 Bb7 20.Bxb7 Rxb7 21.a5 b5 22.Qf3 Rd7
23.Qc6 Nc7 24.Kg2 a6 25.e4 h6 26.Qc5 Qa8 27.f3 Ne8 28.Nd4 Rc7 29.Qa3 Qc8
30.Ne2 Rd7 31.Qa2 Nd6 32.Rd1 Nc4 33.Rxd7 Qxd7 34.Nd4 e5 35.Nb3 Qd3 36.Nc5 Qxc3
37.Nxa6 Nd2 38.Kh3 Nxf3 39.Qf2 Ng5+ 40.Kg2 Qxa5 41.Nc5 Qb4 42.Qe3 Qb2+ 43.Kh1 Qb1+
44.Kg2 Qc2+ 45.Kh1 Qc4 46.Kg2 b4 47.h4 Ne6 48.Nxe6 Qxe6 49.Qc5 b3 50.Qb5 Kh7
51.h5 Qg4 52.Qxe5 f6 53.Qd4 Qe2+ 54.Kh3 Qxh5+ 55.Kg2 Qe2+ 56.Kh3 b2 57.Qd5 Qf1+  0-1

[Event "XV Asiad Men's Rapid"]
[Site "Doha QAT"]
[Date "2006.12.04"]
[Round "9"]
[White "Nanjo,R"]
[Black "Amanov,M"]
[Result "1-0"]
[WhiteElo "2186"]
[BlackElo "2339"]

1.d4 Nf6 2.c4 e6 3.Nc3 Bb4 4.Nf3 b6 5.Bg5 Bb7 6.Qb3 Be7 7.e3 O-O 8.Bd3 d5
9.Bxf6 Bxf6 10.cxd5 exd5 11.O-O Re8 12.Rfe1 c6 13.e4 dxe4 14.Nxe4 Na6 15.Nxf6+ Qxf6
16.Ne5 Nc7 17.Re3 c5 18.Bc4 Re7 19.Ng4 Qc6 20.d5 Qd6 21.Rxe7 Qxe7 22.d6 Qxd6
23.Bxf7+ Kh8 24.Rd1 Qc6 25.Qg3 Rf8 26.Ne5 Qh6 27.Nd7 Rc8 28.Nxc5 Qf6 29.Nxb7 Qxf7
30.Nd6 Qh5 31.Rc1 Rd8 32.h3 Ne6 33.Re1 Nd4 34.Kh2 h6 35.Re7 Rg8 36.Qd3  1-0

[Event "FSGM December"]
[Site "Budapest HUN"]
[Date "2006.12.06"]
[Round "5"]
[White "Prohaszka,P2"]
[Black "Rombaldoni,D"]
[Result "0-1"]
[WhiteElo "2392"]
[BlackElo "2377"]

1.d4 Nf6 2.c4 e6 3.Nc3 Bb4 4.Nf3 d5 5.cxd5 exd5 6.Qa4+ Nc6 7.Bg5 O-O 8.e3 Bf5
9.Be2 h6 10.Bh4 g5 11.Bg3 Ne4 12.Rc1 h5 13.h4 Bxc3+ 14.bxc3 Nxg3 15.fxg3 g4
16.Ne5 Nxe5 17.dxe5 Qe7 18.Qf4 Bg6 19.O-O Rae8 20.c4 dxc4 21.Bxc4 Qxe5 22.Bb3 c6
23.Kh2 Qxe3 24.Qf6 Kh7 25.Rcd1 Qe5 26.Qxe5 Rxe5 27.Rd7 Rb5 28.Re1 a5 29.Rc7 Rb4
30.Ree7 a4 31.Be6 Kh6 32.Bc8 Rd8 33.Rxb7 c5 34.Rxb4 cxb4 35.Ba6 Rb8 36.Re2 b3
37.axb3 Rxb3 38.Ra2 a3 39.Bc4 Rc3 40.Bd5 Kg7 41.Rf2 Kf8 42.Re2 Rc5 43.Bb3 Rc3
44.Bd5 Bb1 45.Rf2 f5 46.Rf4 Ke7 47.Rb4 a2 48.Ra4 f4 49.Rxf4 a1=Q 50.Be4 Rxg3
51.Kxg3 Qe5  0-1

[Event "6th Amplico AIG Life"]
[Site "Warsaw POL"]
[Date "2006.12.16"]
[Round "2"]
[White "Matviychuk,A"]
[Black "Bartel,Mat"]
[Result "0-1"]
[WhiteElo "2205"]
[BlackElo "2569"]

1.d4 Nf6 2.c4 e6 3.Nc3 Bb4 4.Nf3 d5 5.g3 O-O 6.Bg2 Nbd7 7.O-O dxc4 8.Qa4 a5
9.a3 Nb6 10.Qc2 Be7 11.Rd1 Nfd5 12.Ne4 Bd7 13.Re1 Ba4 14.Qb1 Nd7 15.Nc3 Nxc3
16.bxc3 b5 17.Ne5 Nxe5 18.Bxa8 Qxa8 19.dxe5 Qd5 20.Bf4 Bb3 21.Qc1 Rd8 22.Qe3 h6
23.h4 Kf8 24.Qa7 Qc6 25.Qe3 Ke8 26.Qc1 Qd5 27.Qe3 Kd7 28.Qc1 Kc6 29.Qe3 Bc5
30.Qc1 Qe4 31.Qb1 Bc2 32.Qb2 g5 33.hxg5 hxg5 34.Bxg5 Rh8 35.Bh4 Rxh4 36.gxh4 Qg4+
37.Kh2 Bxf2 38.Rg1 Qf4+ 39.Kg2 Qg3+  0-1

[Event "6th Amplico AIG Life"]
[Site "Warsaw POL"]
[Date "2006.12.16"]
[Round "2"]
[White "Sliwerski,R"]
[Black "Zhigalko,S"]
[Result "0-1"]
[WhiteElo "2164"]
[BlackElo "2504"]

1.d4 Nf6 2.c4 e6 3.Nc3 Bb4 4.Nf3 b6 5.g3 Bb7 6.Bg2 O-O 7.O-O Bxc3 8.bxc3 d6
9.Bg5 Nbd7 10.Qc2 h6 11.Bxf6 Nxf6 12.Nd2 Bxg2 13.Kxg2 e5 14.e4 Re8 15.f3 Qd7
16.Rfd1 Qe6 17.Qa4 exd4 18.cxd4 c5 19.d5 Qe5 20.Qc2 Nh7 21.a4 f5 22.a5 Nf6
23.axb6 axb6 24.Rxa8 Rxa8 25.Rb1 Ra6 26.Qb2 Qe8 27.Ra1 Rxa1 28.Qxa1 fxe4
29.Qe1  0-1

[Event "6th Amplico AIG Life"]
[Site "Warsaw POL"]
[Date "2006.12.16"]
[Round "3"]
[White "Moiseenko,A1"]
[Black "Shkapenko,P"]
[Result "1-0"]
[WhiteElo "2632"]
[BlackElo "2382"]

1.d4 Nf6 2.c4 e6 3.Nc3 Bb4 4.Nf3 c5 5.g3 Ne4 6.Bd2 Nxd2 7.Qxd2 cxd4 8.Nxd4 a6
9.Bg2 O-O 10.O-O Nc6 11.Rac1 Rb8 12.Rfd1 Qf6 13.Nf3 b5 14.cxb5 axb5 15.a3 Bxc3
16.Rxc3 b4 17.axb4 Qe7 18.Ng5 h6 19.Bxc6 dxc6 20.Nf3 Qxb4 21.b3 Rb5 22.Qc1 Bb7
23.Rc4 Qxb3 24.Nd4 Qa2 25.Nxb5 cxb5 26.Rc7 Bd5 27.Rd2 Qa4 28.Rc8 Qe4 29.Rxf8+ Kxf8
30.Qc8+ Ke7 31.Qc5+ Kf6 32.f3 Qc4 33.Qxc4 Bxc4 34.Kf2 e5 35.Rd6+ Ke7 36.Ra6 Be6
37.Rb6 Bc4 38.f4 exf4 39.gxf4 Kd7 40.e4 Kc7 41.Ra6 Kb7 42.Rd6 Kc7 43.Rd2 Kc6
44.Ke3 Kc5 45.Rd8 g6 46.Rc8+ Kb4 47.Kd4 Kb3 48.f5 gxf5 49.exf5 h5 50.h4 Be2
51.Rc3+ Ka4 52.Rc7 Bc4 53.Rxc4+  1-0

[Event "V Ilijas Subasic Mem"]
[Site "Zenica BIH"]
[Date "2006.12.16"]
[Round "9"]
[White "Terzic,S"]
[Black "Drasko,M"]
[Result "0-1"]
[WhiteElo "2295"]
[BlackElo "2547"]

1.d4 e6 2.c4 Nf6 3.Nf3 Bb4+ 4.Nc3 c5 5.g3 Nc6 6.d5 Bxc3+ 7.bxc3 Na5 8.Qd3 b6
9.Bg2 Ba6 10.dxe6 fxe6 11.Ne5 d5 12.Qe3 O-O 13.cxd5 exd5 14.f4 Re8 15.O-O Qc7
16.g4 Nc4 17.Qg3 Nxe5 18.fxe5 Qxe5 19.Bf4 Qe6 20.Rf2 Ne4 21.Bxe4 Qxe4 22.e3 d4
23.cxd4 Bb7 24.Rff1 cxd4  0-1

[Event "44th National A ch-IND"]
[Site "Atul IND"]
[Date "2006.12.19"]
[Round "2"]
[White "Bakre,T"]
[Black "Prathamesh,S"]
[Result "0-1"]
[WhiteElo "2447"]
[BlackElo "2335"]

1.d4 Nf6 2.c4 e6 3.Nc3 Bb4 4.Nf3 c5 5.g3 cxd4 6.Nxd4 a6 7.Bg2 Qc7 8.O-O Be7
9.Qa4 Nc6 10.Rd1 O-O 11.b4 Nxb4 12.Ba3 a5 13.Ncb5 Qb8 14.Rdc1 d5 15.cxd5 e5
16.d6 Bxd6 17.Nxd6 Qxd6 18.Nb5 Qe7 19.Rc7 Bd7 20.Rxb7 e4 21.Qb3 Rab8 22.Bxb4 axb4
23.Rxb8 Rxb8 24.Nd4 Rc8 25.e3 Rc3 26.Qb2 Qc5 27.h3 h5 28.Rb1 Ra3 29.Nc2 Rc3
30.Nxb4 Bb5 31.Nd5 Nxd5 32.Qxb5 Rc1+ 33.Kh2 Qxb5 34.Rxb5 Nf6 35.a4 Ra1 36.a5 g6
37.Rb6 Kg7 38.a6 Nd5 39.Rd6 Nb4 40.Bxe4 Rxa6 41.Rd7 Re6 42.Bb1 Rb6 43.Kg2 Na6
44.Ba2 Rf6 45.f4 Nc5 46.Rc7 Ne6 47.Rd7 Kf8 48.Bd5 Ke8 49.Ra7 Nd8 50.Kf3 Rd6
51.e4 Ne6 52.Ke3 Kf8 53.g4 hxg4 54.hxg4 Rb6 55.f5 gxf5 56.gxf5 Ng5 57.e5 Rb4
58.Ra8+ Kg7 59.Ra1 Rb5 60.Kd4 Rb4+ 61.Kc5 Rf4 62.f6+ Kg6 63.Rg1 Kf5 64.Kd6 Rd4
65.Rf1+ Kg6 66.Kc6 Rd2 67.Bc4 Rc2 68.Kb5 Rc3  0-1

[Event "44th National A ch-IND"]
[Site "Atul IND"]
[Date "2006.12.23"]
[Round "7"]
[White "Karavade,E"]
[Black "Saravanan,V1"]
[Result "1/2-1/2"]
[WhiteElo "2321"]
[BlackElo "2383"]

1.d4 Nf6 2.c4 e6 3.Nc3 Bb4 4.Nf3 d5 5.cxd5 exd5 6.Bg5 Nbd7 7.e3 c5 8.Bd3 Qa5
9.Qc2 c4 10.Bf5 O-O 11.O-O g6 12.Bxd7 Nxd7 13.Nd2 Bxc3 14.bxc3 Re8 15.f3 Nb6
16.Rae1 Bd7 17.h4 Na4 18.Rc1 b5 19.a3 Nb6 20.Ra1 Na4 21.Rac1 Nb6 22.Qb2 Na4
23.Qc2  1/2-1/2

[Event "27th Open A"]
[Site "Bethune FRA"]
[Date "2006.12.26"]
[Round "2"]
[White "L'Ami,E"]
[Black "Van der Stricht,G"]
[Result "1-0"]
[WhiteElo "2593"]
[BlackElo "2414"]

1.d4 Nf6 2.c4 e6 3.Nc3 Bb4 4.Nf3 c5 5.g3 cxd4 6.Nxd4 Ne4 7.Bd2 Bxc3 8.Bxc3 Qf6
9.f4 Nxc3 10.bxc3 O-O 11.Bg2 d6 12.Nb5 Nc6 13.Qd3 d5 14.cxd5 Nb4 15.Qd2 Nxd5
16.e4 Bd7 17.e5 Qd8 18.Nd6 Bc6 19.c4 Ne7 20.Bxc6 Nxc6 21.O-O b6 22.Rad1 Na5
23.f5 Qc7 24.Qf4 exf5 25.Nxf5 Nxc4 26.Qg5 Qxe5 27.Rd4 h6 28.Nxh6+ Kh7 29.Nf5 Rac8
30.Rh4+  1-0

[Event "Masters"]
[Site "Singapore SIN"]
[Date "2006.12.26"]
[Round "1"]
[White "Zhao Jun"]
[Black "So,W"]
[Result "1-0"]
[WhiteElo "2539"]
[BlackElo "2411"]

1.d4 Nf6 2.c4 e6 3.Nc3 Bb4 4.Nf3 c5 5.g3 cxd4 6.Nxd4 O-O 7.Bg2 d5 8.O-O dxc4
9.Qa4 Na6 10.Rd1 Bxc3 11.bxc3 Bd7 12.Qa3 Qc7 13.Rb1 Nc5 14.Nb5 Bxb5 15.Rxb5 Nce4
16.Bf4 Qc6 17.Rdb1 b6 18.Re5 Rad8 19.Qb2 h6 20.h4 Qa4 21.Bxe4 Rd1+ 22.Kg2  1-0

[Event "Masters"]
[Site "Singapore SIN"]
[Date "2006.12.27"]
[Round "3"]
[White "Zhao Jun"]
[Black "Paciencia,E"]
[Result "1-0"]
[WhiteElo "2539"]
[BlackElo "2432"]

1.d4 Nf6 2.c4 e6 3.Nc3 Bb4 4.Nf3 b6 5.Bg5 h6 6.Bh4 Bb7 7.Nd2 c5 8.d5 Bxc3
9.bxc3 Qe7 10.Qc2 exd5 11.cxd5 Bxd5 12.O-O-O g5 13.e4 Be6 14.Bg3 Nh5 15.Be5 f6
16.Bc7 Qf7 17.Bd6 Nc6 18.Ba6 Na5 19.h4 g4 20.Rhe1 Ng7 21.Qa4 c4 22.Nf1 Kd8
23.Bb4 Qh5 24.Ne3 Ne8 25.Nd5 Bxd5 26.Rxd5 Qf7 27.Red1 Rh7 28.Bb5 d6 29.Bxa5 bxa5
30.Bxe8 Qxe8 31.Rxd6+ Ke7 32.Qd7+  1-0

[Event "27th Open A"]
[Site "Bethune FRA"]
[Date "2006.12.28"]
[Round "6"]
[White "L'Ami,E"]
[Black "Feller,S"]
[Result "1/2-1/2"]
[WhiteElo "2593"]
[BlackElo "2424"]

1.d4 Nf6 2.c4 e6 3.Nc3 Bb4 4.Nf3 d5 5.cxd5 exd5 6.Bg5 O-O 7.e3 c5 8.dxc5 Nbd7
9.Be2 Qa5 10.Rc1 Ne4 11.O-O Bxc3 12.bxc3 Qxc5 13.Qd4 b6 14.Bf4 Bb7 15.Rc2 Rac8
16.Rfc1 Bc6 17.Qb4 a5 18.Qb3 Nd6 19.Nd4 Nc4 20.Rd1 Nf6 21.Nxc6 Qxc6 22.Rb1 Ne4
23.Bxc4 Qxc4 24.Be5 Qd3 25.Rbc1 Rc6 26.Bd4 Rd8 27.Rb2 h5 28.h3 Ng5 29.Qc2 Qxc2
30.Rcxc2 Rdd6 31.Rb5 Ne4 32.f3 Nc5 33.Rd2 Na4 34.Rd3 f6 35.h4 Kf7 36.Kf2 Ke6
37.e4 dxe4 38.fxe4 Rc4 39.Re3 Rdc6 40.Rxh5 Nxc3 41.Bxc3 Rxc3 42.Rxc3 Rxc3
43.Rb5 Rc2+ 44.Kf3 Rxa2 45.Rxb6+ Kf7 46.h5 Ra1 47.Kg4 Re1 48.Kf4 Rf1+ 49.Ke3 Rh1
50.g4 Re1+ 51.Kf3 a4 52.Rb7+ Kg8 53.Ra7 Rf1+ 54.Kg3 Ra1 55.e5 Rg1+ 56.Kh3 Rh1+
57.Kg2 Ra1 58.exf6  1/2-1/2

[Event "15th Donau Open"]
[Site "Aschach an der Donau AUT"]
[Date "2006.12.29"]
[Round "5"]
[White "Studnicka,T"]
[Black "Schwartz,G"]
[Result "0-1"]
[WhiteElo "2317"]
[BlackElo "2079"]

1.d4 Nf6 2.c4 e6 3.Nf3 Bb4+ 4.Nc3 O-O 5.Bg5 h6 6.Bh4 c5 7.e3 Bxc3+ 8.bxc3 d6
9.Bd3 Nbd7 10.O-O Qe7 11.Nd2 e5 12.Bf5 Re8 13.Kh1 g5 14.Bg3 Nf8 15.Bc2 Bg4
16.f3 Bh5 17.Rb1 Rab8 18.Qc1 N6d7 19.f4 f6 20.Be4 b6 21.Qa3 a5 22.Qa4 Rec8
23.Rf2 Bg6 24.Bd5+ Kh8 25.Rd1 Be8 26.Qc2 cxd4 27.exd4 exf4 28.Bxf4 gxf4 29.Rxf4 Bg6
30.Qc1 Re8 31.Ne4 f5 32.Ng3 Qe3 33.Nxf5 Qxc1 34.Rxc1 Ne6 35.Rff1 Bxf5 36.Rxf5 Nc7
37.Bc6 Re7 38.h4 Kg7 39.Rb1 Ne8 40.Bxd7 Rxd7 41.Rxa5 Rc7 42.Ra4 Rbc8 43.Rbb4 Kf6
44.Kg1 Ke6 45.Kf2 Nf6 46.Ke3 Nd7 47.g4 Rg8 48.Kf4 Rcc8 49.Rb5 Rcf8+ 50.Rf5 Rxg4+
51.Kxg4 Rxf5 52.d5+ Ke5 53.Rb4 h5+ 54.Kg3 Rf1 55.Rb2 Re1  0-1

[Event "1st Open"]
[Site "Illes Medes ESP"]
[Date "2007.01.03"]
[Round "8"]
[White "Burnier,D"]
[Black "Tarrus Garces,N"]
[Result "1-0"]
[WhiteElo "2316"]
[BlackElo "1997"]

1.d4 Nf6 2.c4 e6 3.Nc3 Bb4 4.Nf3 b6 5.Bg5 Bb7 6.Nd2 Bxc3 7.bxc3 h6 8.Bh4 g5
9.Bg3 d6 10.f3 h5 11.h4 g4 12.e4 Rg8 13.Kf2 Nbd7 14.Bd3 gxf3 15.gxf3 Qe7
16.Nf1 O-O-O 17.Ne3 e5 18.Nf5 Qe8 19.a4 a5 20.Rb1 Rg6 21.Re1 Kb8 22.c5 dxc5
23.Bb5 Qe6 24.dxe5 Nxe4+ 25.fxe4 Bxe4 26.Rxe4 Qxf5+ 27.Qf3 Qe6 28.Rd1 Kc8
29.Re2 c6 30.Rd6  1-0

[Event "Open A"]
[Site "Prague CZE"]
[Date "2007.01.13"]
[Round "3"]
[White "Jaeger,A"]
[Black "Castle,K"]
[Result "1-0"]
[WhiteElo "2095"]
[BlackElo "1962"]

1.d4 Nf6 2.c4 e6 3.Nc3 Bb4 4.Nf3 b6 5.Qb3 Bxc3+ 6.Qxc3 Bb7 7.Bg5 d6 8.e3 h6
9.Bh4 Bxf3 10.gxf3 g5 11.Bg3 c6 12.Bd3 Qe7 13.Qa3 c5 14.dxc5 dxc5 15.Rd1 e5
16.Bf5 O-O 17.h4 Nh5 18.Be4 Nxg3 19.fxg3 Nd7 20.Bxa8 Rxa8 21.Qd3 Nf8 22.hxg5 Qxg5
23.Kf2 Ne6 24.Qe4 Rd8 25.Rd5  1-0

[Event "Corus C"]
[Site "Wijk aan Zee NED"]
[Date "2007.01.13"]
[Round "1"]
[White "Brynell,S"]
[Black "Willemze,T"]
[Result "1/2-1/2"]
[WhiteElo "2501"]
[BlackElo "2393"]

1.d4 Nf6 2.c4 e6 3.Nf3 Bb4+ 4.Nc3 O-O 5.Bg5 c5 6.e3 cxd4 7.exd4 d5 8.Rc1 Nc6
9.Bd3 h6 10.Bh4 dxc4 11.Bxc4 Be7 12.O-O b6 13.a3 Bb7 14.Ba2 Nd5 15.Bxe7 Ncxe7
16.Bb1 Rc8 17.Qd2 Nxc3 18.Rxc3 Rxc3 19.Qxc3 Bxf3 20.Qxf3 Qxd4 21.b4 Nd5 22.g3 Rc8
23.Rd1 Qe5 24.Qd3 g6 25.Qd2 Kg7 26.Ba2 Nc3 27.Re1 Rd8 28.Rxe5 Rxd2 29.Bc4 Rd1+
30.Kg2 Ra1 31.Re3 Rxa3 32.Rd3 b5 33.Ba2 Kf6 34.Kf3 h5 35.h3 Ke7 36.g4 hxg4+
37.hxg4 g5 38.Kg2 a5 39.bxa5 b4 40.Bc4 Rxa5 41.Rd4 Nb5 42.Rd2 Nd6 43.Bb3 Ne4
44.Rd4 Nd6 45.Rxb4 Rb5 46.Rxb5 Nxb5 47.Kg3 Nc3 48.f3 Kd6 49.Bc4 Kc5 50.Ba6 Nd5
51.Kf2 Kd4 52.Bb5 f6 53.Bd7 Ke5 54.Kg3 Nf4 55.Kf2 Kd4 56.Bb5 e5 57.Ba6 Nd3+
58.Ke2 Nc5 59.Bc8 e4 60.fxe4 Kxe4 61.Kf2 Kf4 62.Kg2 Nd3 63.Bf5 Ne5 64.Kh3 Kf3
65.Bc2 Nc4 66.Bd1+ Kf4 67.Bb3 Nd2 68.Be6 Kf3 69.Bd5+ Ne4 70.Bc6 Kf4 71.Kg2 Nc5
72.Bf3 Nd3 73.Bd1 Ne5 74.Kh3 Nc4 75.Ba4 Ne5 76.Bd1 Nf3 77.Ba4 Ng1+ 78.Kg2 Ne2
79.Bd1 Nc3 80.Bf3 Ke3 81.Bc6 Ne2 82.Ba4 Kf4 83.Bd1 Nd4 84.Kh3 Ne6 85.Bb3 Nc5
86.Bd1 Ke3 87.Kg2 Ne4 88.Ba4 Nc3 89.Bc6 Nb1 90.Ba4 Nc3 91.Bc6  1/2-1/2

[Event "4NCL 2006-07"]
[Site "Coventry ENG"]
[Date "2007.01.14"]
[Round "6"]
[White "Sherwin,J"]
[Black "Krensing,J"]
[Result "1/2-1/2"]
[WhiteElo "2249"]
[BlackElo "2301"]

1.d4 Nf6 2.c4 e6 3.Nc3 Bb4 4.Nf3 c5 5.e3 O-O 6.Bd3 d5 7.O-O cxd4 8.exd4 dxc4
9.Bxc4 b6 10.Bg5 Bxc3 11.bxc3 Qc7 12.Bd3 Nbd7 13.c4 Bb7 14.Re1 Rfe8 15.Bh4 Qc6
16.Bg3 Nh5 17.Be4 Qc8 18.Ng5 Nhf6 19.Bd3 Qc6 20.Nf3 Rad8 21.Bh4 e5 22.d5 Qd6
23.Bg3 Nh5 24.Bh4 Nhf6  1/2-1/2

[Event "TCh-NOR 2006-7"]
[Site "Oslo NOR"]
[Date "2007.01.14"]
[Round "6"]
[White "Haugli,P"]
[Black "Gabrielsen,T"]
[Result "1/2-1/2"]
[WhiteElo "2321"]
[BlackElo "2262"]

1.d4 Nf6 2.c4 e6 3.Nc3 Bb4 4.Nf3 O-O 5.e3 b6 6.Bd3 Bb7 7.O-O d5 8.Bd2 dxc4
9.Bxc4 c5 10.a3 Bxc3 11.Bxc3 Nbd7 12.Rc1 Qe7 13.Qe2 Ne4 14.Rfd1 Rad8 15.Be1 e5
16.dxe5 Nxe5 17.Nxe5 Qxe5 18.f3 Nf6 19.e4 Bc8 20.Bc3 Qg5 21.Rxd8 Rxd8 22.Rd1 Nh5
23.g3 Be6 24.Bxe6 fxe6 25.Kf2 Qe7 26.Rxd8+ Qxd8 27.Qb5 Nf6 28.Qc6 Qd7 29.Qa8+ Kf7
30.g4 h6 31.h4 b5 32.Qb8 a5 33.Bxf6 gxf6 34.Kg3 b4 35.axb4 axb4 36.Qf4 Qd4
37.Qc7+ Kf8 38.Qc8+ Ke7 39.Qc7+ Ke8 40.Qc6+ Ke7 41.Qc7+  1/2-1/2

[Event "Open A"]
[Site "Prague CZE"]
[Date "2007.01.14"]
[Round "4"]
[White "Juptner,J"]
[Black "Ninov,N"]
[Result "0-1"]
[WhiteElo "2285"]
[BlackElo "2506"]

1.d4 Nf6 2.c4 e6 3.Nc3 Bb4 4.Nf3 c5 5.g3 b6 6.Bg2 Bb7 7.d5 exd5 8.Nh4 Ne4
9.O-O Bxc3 10.bxc3 dxc4 11.Qc2 d5 12.Rd1 Nd7 13.Bxe4 dxe4 14.Nf5 O-O 15.Qa4 Bc8
16.Bf4 Qf6 17.g4 Ne5 18.Rd6 Be6 19.h3 h5 20.f3 exf3 21.exf3 Nxf3+ 22.Kh1 Nh4
23.Qc2 Rad8 24.Qd2 Bxf5 25.gxf5 Qxf5 26.Qe3 Rxd6 27.Bxd6 Qd5+  0-1

[Event "TCh-AUT 2006-7"]
[Site "Leoben AUT"]
[Date "2007.01.18"]
[Round "4"]
[White "Knoll,H"]
[Black "Petschar,H"]
[Result "1-0"]
[WhiteElo "2409"]
[BlackElo "2109"]

1.d4 Nf6 2.Nf3 e6 3.c4 Bb4+ 4.Nc3 c5 5.g3 cxd4 6.Nxd4 O-O 7.Bg2 d5 8.cxd5 Nxd5
9.Qd3 Bxc3+ 10.bxc3 Nd7 11.O-O Ne5 12.Qc2 Bd7 13.e4 Nb6 14.f4 Ba4 15.Qe2 Nec4
16.Qg4 e5 17.Nf5 g6 18.Nh6+ Kh8 19.fxe5 Nxe5 20.Qf4 Nbc4 21.Rb1 b6 22.Rb4 b5
23.Rxc4 Nxc4 24.Nxf7+ Rxf7 25.Qxf7 Qb6+ 26.Kh1 Ne5 27.Qd5 Re8 28.Bg5 Ng4
29.Qd7  1-0

[Event "5th Parsvnath Open"]
[Site "New Delhi IND"]
[Date "2007.01.18"]
[Round "6"]
[White "Deepan,C"]
[Black "Rohit,G"]
[Result "1/2-1/2"]
[WhiteElo "2504"]
[BlackElo "2392"]

1.d4 Nf6 2.Nf3 e6 3.c4 Bb4+ 4.Nc3 b6 5.Bg5 Bb7 6.Nd2 h6 7.Bh4 c5 8.d5 Bxc3
9.bxc3 Qe7 10.f3 g5 11.Bg3 d6 12.e4 Nbd7 13.Qa4 Kd8 14.O-O-O Nh5 15.Bf2 Kc7
16.g3 Rhg8 17.Be2 f5 18.f4 Nhf6 19.exf5 exf5 20.Rhe1 gxf4 21.gxf4 Ne4 22.Bd3 Qf6
23.Bxe4 fxe4 24.Nxe4 Qf5 25.Bg3 Rae8 26.Qc2 Bc8 27.Rd2 Nf6 28.Rde2 Bd7 29.Nxf6 Qxf6
30.Rxe8 Rxe8 31.Rxe8 Bxe8 32.Qh7+ Kc8 33.Kd2 Bd7 34.Qg8+  1/2-1/2